[Event "SR 2. liga A 2016/2017"]
[Site "?"]
[Date "2018.02.04"]
[Round "7.4"]
[White "Mosny, Jaroslav"]
[Black "Ambros, Rafael"]
[Result "1-0"]
[WhiteElo "1910"]
[BlackElo "1977"]
[PlyCount "53"]
[EventDate "2017.??.??"]
[WhiteTeam "Lokomotiva Trnava B"]
[BlackTeam "SK Nafta Gbely"]

1. d4 d5 2. Nf3 c6 3. Bf4 Nf6 4. e3 g6 5. Bd3 Bg7 6. O-O O-O 7. Nbd2 b6 8. Qe2
Nh5 9. Rfe1 Nxf4 10. exf4 e6 11. Ne5 Bb7 12. Ndf3 c5 13. c3 Nc6 14. h4 Qd6 15.
h5 cxd4 16. cxd4 Nb4 17. g3 Nxd3 18. Qxd3 Rac8 19. hxg6 hxg6 20. Kg2 Rc7 21.
Rh1 Rfc8 22. Rae1 Rc2 23. Nxf7 Kxf7 24. Ng5+ Kg8 25. Qxg6 Qd7 26. Qh7+ Kf8 27.
Nxe6+ 1-0

[Event "SR 2. liga A 2016/2017"]
[Site "?"]
[Date "2018.02.04"]
[Round "7.4"]
[White "Brunovsky, Peter"]
[Black "Doucha, Ludvig"]
[Result "1/2-1/2"]
[WhiteElo "1829"]
[BlackElo "1874"]
[PlyCount "106"]
[EventDate "2017.??.??"]
[WhiteTeam "SK Nafta Gbely"]
[BlackTeam "Lokomotiva Trnava B"]

1. d4 Nf6 2. Bf4 e6 3. e3 c5 4. c3 Nc6 5. Nd2 b6 6. h3 Bb7 7. Ngf3 d6 8. Bc4
Be7 9. O-O O-O 10. Re1 Re8 11. Bh2 a6 12. a4 Bf8 13. Qe2 d5 14. Bd3 c4 15. Bc2
b5 16. axb5 axb5 17. Qf1 Qb6 18. Reb1 b4 19. Ba4 b3 20. Bxc6 Bxc6 21. Rxa8 Rxa8
22. Ne5 Ra2 23. Qd1 Be8 24. g4 g6 25. Bg3 Bg7 26. Bh4 Nd7 27. Nxd7 Bxd7 28. f4
f5 29. Be7 Kf7 30. Bc5 Qa6 31. Qe1 Bf6 32. Nf3 Kg8 33. Kh1 Be8 34. Qg1 Qa8 35.
Bd6 Qc6 36. Bb4 Kf7 37. Qg3 Kg8 38. Kg1 Qa6 39. Qe1 Bb5 40. Kh1 Kf7 41. Qc1 Be8
42. Ba3 Bb5 43. g5 Be7 44. Ne5+ Kf8 45. Bxe7+ Kxe7 46. Kg2 Be8 47. h4 Qa7 48.
Kg3 Kd6 49. Qh1 Qa4 50. Qd1 Qa6 51. Qh1 Qa4 52. Qd1 Qa6 53. Qh1 Qa4 1/2-1/2

[Event "SR 2. liga A 2016/2017"]
[Site "?"]
[Date "2018.02.04"]
[Round "7.4"]
[White "Holicky, Miroslav"]
[Black "Kubis, Ivan"]
[Result "0-1"]
[WhiteElo "1764"]
[BlackElo "1918"]
[PlyCount "120"]
[EventDate "2017.??.??"]
[WhiteTeam "Lokomotiva Trnava B"]
[BlackTeam "SK Nafta Gbely"]

1. d4 Nf6 2. Nf3 e6 3. c4 b6 4. g3 Ba6 5. Qd3 d5 6. b3 Nbd7 7. Bg2 Be7 8. O-O
O-O 9. Nc3 c5 10. e4 Rc8 11. exd5 exd5 12. Nb5 cxd4 13. Nfxd4 dxc4 14. bxc4 Ne5
15. Qf5 Rc5 16. Nb3 g6 17. Qf4 Nd3 18. Rd1 Nxf4 19. Rxd8 Ne2+ 20. Kf1 Nxg3+ 21.
fxg3 Rf5+ 22. Kg1 Rxd8 23. Be3 Bxb5 24. cxb5 Rxb5 25. Nd4 Rxd4 26. Bxd4 Bc5 27.
Bxc5 Rxc5 28. h3 Nh5 29. Kh2 Rc2 30. a4 f5 31. Rd1 Nf6 32. Kg1 Kg7 33. Rd4 g5
34. h4 h6 35. hxg5 hxg5 36. Bh3 Kg6 37. Bf1 g4 38. Bd3 Rc5 39. Rf4 Kg5 40. Rd4
Rd5 41. Rxd5 Nxd5 42. Kf2 Kf6 43. Ke1 Ke5 44. Kd2 Nf6 45. Ke3 Nh5 46. Kf2 f4
47. gxf4+ Kxf4 48. Ba6 Nf6 49. Bb7 g3+ 50. Kg2 Ng4 51. Kf1 Ne3+ 52. Kg1 Ke5 53.
Bc6 Kd4 54. Be8 Kc5 55. Bd7 Kb4 56. Bc6 a6 57. Bd7 b5 58. axb5 axb5 59. Kh1 Kc5
60. Kg1 b4 0-1

[Event "SR 2. liga A 2016/2017"]
[Site "?"]
[Date "2018.02.04"]
[Round "7.5"]
[White "Sukuba, Zdeno"]
[Black "Keresztes, Richard"]
[Result "1/2-1/2"]
[WhiteElo "2155"]
[BlackElo "2220"]
[PlyCount "41"]
[EventDate "2017.??.??"]
[WhiteTeam "SK Krasnany"]
[BlackTeam "DSC Potonska veza"]

1. c4 e5 2. Nc3 Nc6 3. g3 g6 4. Bg2 Bg7 5. Nf3 d6 6. O-O Nf6 7. d3 h6 8. Rb1 a5
9. a3 O-O 10. b4 axb4 11. axb4 Be6 12. b5 {(=)} Ne7 13. Nd2 Rb8 14. b6 c6 15.
Ba3 Qd7 16. e3 Rfd8 17. Nb3 Ra8 18. Qc1 h5 19. Nd2 h4 20. Nce4 Ne8 21. Ng5
1/2-1/2

[Event "SR 2. liga A 2016/2017"]
[Site "?"]
[Date "2018.02.04"]
[Round "7.5"]
[White "Takacs, Laszlo"]
[Black "Bronis, Marian"]
[Result "1-0"]
[WhiteElo "2231"]
[BlackElo "2081"]
[PlyCount "99"]
[EventDate "2017.??.??"]
[WhiteTeam "DSC Potonska veza"]
[BlackTeam "SK Krasnany"]

1. e4 c5 2. Nf3 a6 3. c3 e6 4. d4 d5 5. exd5 exd5 6. Bd3 Bd6 7. O-O Ne7 8. Bg5
O-O 9. dxc5 Bxc5 10. Qc2 h6 11. Bh4 Nbc6 12. Nbd2 g5 13. Nb3 Bb6 14. Bg3 f5 15.
h3 f4 16. Bh2 Bf5 17. Rfe1 Rc8 18. Bxf5 Nxf5 19. Rad1 Qd6 20. a3 Rcd8 21. c4
Nce7 22. c5 Qc7 23. Nfd4 Nxd4 24. Nxd4 Qxc5 25. Qxc5 Bxc5 26. Ne6 Bd6 27. g3
Kf7 28. Nxd8+ Rxd8 29. gxf4 Rg8 30. fxg5 Rxg5+ 31. Kh1 Bc5 32. Rd3 Rf5 33. f3
d4 34. b4 Ba7 35. Bd6 Nc6 36. f4 Rd5 37. Bc7 Ne7 38. Kg2 Rd7 39. Be5 Nf5 40.
Kf3 Rd8 41. Rc1 Ke6 42. Rc7 Bb8 43. Rxb7 Bxe5 44. fxe5 Kxe5 45. Rc7 Nh4+ 46.
Ke2 Rg8 47. Re7+ Kd6 48. Ra7 Rg2+ 49. Kf1 Ke5 50. Re7+ 1-0

[Event "SR 2. liga A 2016/2017"]
[Site "?"]
[Date "2018.02.04"]
[Round "7.5"]
[White "Biro, Karol"]
[Black "Marosi, Csaba"]
[Result "0-1"]
[WhiteElo "2075"]
[BlackElo "2018"]
[PlyCount "64"]
[EventDate "2017.??.??"]
[WhiteTeam "SK Krasnany"]
[BlackTeam "DSC Potonska veza"]

1. d4 b5 2. e4 Bb7 3. Bxb5 Bxe4 4. Nf3 Nf6 5. O-O e6 6. Re1 Be7 7. c4 O-O 8.
Nc3 Bb7 9. Ba4 d6 10. Bc2 Nbd7 11. Qd3 Ba6 12. b3 Re8 13. Ng5 Nf8 14. Qh3 h6
15. Nxf7 Kxf7 16. Bxh6 gxh6 17. Qxh6 e5 18. d5 Qd7 19. h3 Reb8 20. Re3 Ke8 21.
Rae1 Kd8 22. f4 Kc8 23. fxe5 dxe5 24. Rxe5 Bc5+ 25. Kh1 Qf7 26. Re6 Nxe6 27.
Rxe6 Ng4 28. Re8+ Qxe8 29. Bf5+ Kb7 30. Qc6+ Qxc6 31. dxc6+ Kxc6 32. Bxg4 Re8
0-1

[Event "SR 2. liga A 2016/2017"]
[Site "?"]
[Date "2018.02.04"]
[Round "7.5"]
[White "Darasz, Zoltan"]
[Black "Janos, Ivan"]
[Result "1-0"]
[WhiteElo "2175"]
[BlackElo "2091"]
[PlyCount "43"]
[EventDate "2017.??.??"]
[WhiteTeam "DSC Potonska veza"]
[BlackTeam "SK Krasnany"]

1. e4 c5 2. Nf3 Nc6 3. d4 cxd4 4. Nxd4 Nf6 5. Nc3 e5 6. Ndb5 d6 7. Bg5 a6 8.
Na3 b5 9. Bxf6 gxf6 10. Nd5 f5 11. Bd3 Be6 12. Qh5 Bg7 13. c3 Rb8 14. Nc2 b4
15. Ndxb4 Nxb4 16. Nxb4 fxe4 17. Bxe4 d5 18. Rd1 Qa5 19. Nxd5 Rxb2 20. O-O h6
21. Nf4 Bxa2 22. Qg4 1-0

[Event "SR 2. liga A 2016/2017"]
[Site "?"]
[Date "2018.02.04"]
[Round "7.5"]
[White "Danek, Pavol"]
[Black "Cibulka, Vladimir"]
[Result "1/2-1/2"]
[WhiteElo "2225"]
[BlackElo "2152"]
[PlyCount "20"]
[EventDate "2017.??.??"]
[WhiteTeam "SK Krasnany"]
[BlackTeam "DSC Potonska veza"]

1. d4 e6 2. Nf3 f5 3. g3 Nf6 4. Bg5 Be7 5. Bxf6 Bxf6 6. Bg2 d5 7. c4 c6 8. cxd5
cxd5 9. Nc3 Nc6 10. e3 O-O 1/2-1/2

[Event "SR 2. liga A 2016/2017"]
[Site "?"]
[Date "2018.02.04"]
[Round "7.5"]
[White "Keresztes, Mark"]
[Black "Petreje, Juraj"]
[Result "1-0"]
[WhiteElo "1992"]
[BlackElo "1926"]
[PlyCount "79"]
[EventDate "2017.??.??"]
[WhiteTeam "DSC Potonska veza"]
[BlackTeam "SK Krasnany"]

1. c4 Nf6 2. Nc3 g6 3. e4 d6 4. g3 Bg7 5. Bg2 O-O 6. Nge2 c5 7. O-O Nc6 8. h3
Nd7 9. d3 a6 10. f4 e6 11. Rb1 Rb8 12. Be3 Nd4 13. b4 b6 14. bxc5 bxc5 15. Qa4
Qc7 16. g4 Rxb1 17. Rxb1 Nb8 18. Bxd4 cxd4 19. Nd1 Bd7 20. Qa3 Rd8 21. Nf2 Qc5
22. Qxc5 dxc5 23. e5 Bf8 24. Rb6 Ba4 25. Ng3 Bd7 26. Nge4 Kg7 27. Nf6 Ba4 28.
g5 h5 29. gxh6+ Kxh6 30. Rb7 Kg7 31. Rc7 Nd7 32. N2g4 Nxf6 33. exf6+ Kg8 34.
Ne5 Be8 35. Ra7 Rb8 36. Rxa6 Rb1+ 37. Kh2 Bh6 38. Kg3 g5 39. Ra8 gxf4+ 40. Kf3
1-0

[Event "SR 2. liga A 2016/2017"]
[Site "?"]
[Date "2018.02.04"]
[Round "7.5"]
[White "Zacik, Anton"]
[Black "Kalmar, Tamas"]
[Result "1/2-1/2"]
[WhiteElo "1910"]
[BlackElo "2098"]
[PlyCount "21"]
[EventDate "2017.??.??"]
[WhiteTeam "SK Krasnany"]
[BlackTeam "DSC Potonska veza"]

1. e4 c6 2. d4 d5 3. f3 g6 4. Nc3 Bg7 5. Be3 dxe4 6. fxe4 Nf6 7. Nf3 O-O 8. Qd2
Ng4 9. Bg5 b5 10. h3 Nf6 11. Bd3 1/2-1/2

[Event "SR 2. liga A 2016/2017"]
[Site "?"]
[Date "2018.02.04"]
[Round "7.5"]
[White "Merva, Frantisek"]
[Black "Mikudik, Ivan"]
[Result "1/2-1/2"]
[WhiteElo "2088"]
[BlackElo "1881"]
[PlyCount "102"]
[EventDate "2017.??.??"]
[WhiteTeam "DSC Potonska veza"]
[BlackTeam "SK Krasnany"]

1. d4 Nf6 2. Nf3 e6 3. Bg5 Be7 4. Nbd2 d5 5. e3 O-O 6. Bd3 Nbd7 7. c3 b6 8. O-O
Bb7 9. a4 a5 10. h3 c5 11. Bb5 Ne4 12. Bxe7 Qxe7 13. Bxd7 Qxd7 14. Nxe4 dxe4
15. Ne5 Qc7 16. Re1 Rad8 17. Qc2 f6 18. Ng4 e5 19. dxe5 f5 20. Nh2 Qxe5 21.
Red1 Qf6 22. Rxd8 Rxd8 23. Rd1 Rd6 24. Nf1 Qd8 25. Rxd6 Qxd6 26. Qd2 Qxd2 27.
Nxd2 Bd5 28. c4 Bc6 29. b3 Kf7 30. Kh2 Kf6 31. h4 h6 32. Nb1 g5 33. hxg5+ hxg5
34. Nc3 f4 35. Kh3 Bd7+ 36. g4 Bc6 37. Kg2 f3+ 38. Kg3 Ke5 39. Nb1 Bd7 40. Nc3
Bc6 41. Kh3 Ke6 42. Nb1 Ba8 43. Nd2 Bc6 44. Nf1 Ba8 45. Ng3 Bb7 46. Nf5 Bc6 47.
Kg3 Bb7 48. Ng7+ Kf7 {(=)} 49. Nh5 Bc6 {(=)} 50. Kh3 Bb7 {(=)} 51. Ng3 Ke6
1/2-1/2

[Event "SR 2. liga A 2016/2017"]
[Site "?"]
[Date "2018.02.04"]
[Round "7.6"]
[White "Federic, Jozef"]
[Black "Farkas, Gabor"]
[Result "1/2-1/2"]
[WhiteElo "2223"]
[BlackElo "2401"]
[PlyCount "150"]
[EventDate "2017.??.??"]
[WhiteTeam "SK Modra B"]
[BlackTeam "SK Senec"]

1. d4 Nf6 2. Bg5 Ne4 3. Bf4 c5 4. Nd2 Nxd2 5. Qxd2 cxd4 6. Qxd4 Nc6 7. Qd2 Qb6
8. c3 e5 9. Bg3 d5 10. Nf3 e4 11. Nd4 Nxd4 12. Qxd4 Qxd4 13. cxd4 Bb4+ 14. Kd1
Bd7 15. Rc1 O-O 16. e3 Rfc8 17. Be2 Ba4+ 18. b3 Bd7 19. Rc2 a5 20. Kc1 Ba3+ 21.
Kb1 Rxc2 22. Kxc2 Rc8+ 23. Kb1 a4 24. b4 Bxb4 25. Rc1 Bc3 26. Bd6 b5 27. a3 f6
28. Ka2 Kf7 29. Rb1 Ke6 30. Bc5 Rb8 31. Bd1 Ra8 32. Be2 Ba5 33. Bxb5 Bxb5 34.
Rxb5 Bc7 35. h3 Ra6 36. Kb1 f5 37. Kc2 g5 38. Kd1 h5 39. Ke2 f4 40. f3 exf3+
41. Kxf3 Kf5 42. Rb7 g4+ 43. hxg4+ hxg4+ 44. Ke2 Rc6 45. exf4 Bxf4 46. Rf7+ Rf6
47. Rxf6+ Kxf6 48. Kd3 Bg3 49. Bb4 Kf5 50. Ke3 Bf4+ 51. Kd3 Bg3 52. Ke3 Bh2 53.
Kd3 Bg1 54. Bd6 Bf2 55. Bb4 Kg5 56. Be7+ Kh5 57. Bb4 Bh4 58. Bd6 Be1 59. Ke2
Bc3 60. Kd3 Bb2 61. Be7 Kg6 62. Bc5 Kg5 63. Be7+ Kf5 64. Bd6 Bc1 65. Bb4 Bf4
66. Be7 Bc7 67. Ke3 Ba5 68. Bd6 Bd8 69. Kd3 Kg5 70. Ke3 Bf6 71. Kd3 Bd8 72. Ke3
Kf5 73. Kd3 Bg5 74. Bb4 Bf4 75. Be7 Bc7 1/2-1/2

[Event "SR 2. liga A 2016/2017"]
[Site "?"]
[Date "2018.02.04"]
[Round "7.6"]
[White "Varga, David"]
[Black "Banas, Kamil"]
[Result "1-0"]
[WhiteElo "2312"]
[BlackElo "2264"]
[PlyCount "41"]
[EventDate "2017.??.??"]
[WhiteTeam "SK Senec"]
[BlackTeam "SK Modra B"]

1. e4 c5 2. Nf3 d6 3. d4 cxd4 4. Nxd4 Nf6 5. Nc3 a6 6. Bc4 e6 7. Bb3 b5 8. Bg5
Qb6 9. Bxf6 gxf6 10. Qd3 Nd7 11. O-O-O Nc5 12. Qf3 Be7 13. Rhe1 Bb7 14. Qh5
Nxb3+ 15. axb3 Bc8 16. Re3 Qc5 17. Nd5 exd5 18. exd5 Bd7 19. Qe2 O-O 20. Rg3+
Kh8 21. Qxe7 1-0

[Event "SR 2. liga A 2016/2017"]
[Site "?"]
[Date "2018.02.04"]
[Round "7.6"]
[White "Dugovic, Branislav"]
[Black "Balogh, Peter"]
[Result "0-1"]
[WhiteElo "2186"]
[BlackElo "2273"]
[PlyCount "68"]
[EventDate "2017.??.??"]
[WhiteTeam "SK Modra B"]
[BlackTeam "SK Senec"]

1. Nf3 Nf6 2. b3 g6 3. Bb2 Bg7 4. g3 O-O 5. Bg2 d6 6. d4 Nbd7 7. c4 e5 8. dxe5
Ng4 9. h3 Ngxe5 10. Nxe5 dxe5 11. O-O c6 12. Nc3 f5 13. Qd2 Nf6 14. Rad1 Qe7
15. Qd6 Qf7 16. Ba3 Re8 17. Qd2 e4 18. f4 Be6 19. e3 b6 20. Qc2 a6 21. Bd6 b5
22. c5 a5 23. Rfe1 a4 24. b4 Nd5 25. Nxd5 Bxd5 26. Rd2 a3 27. Red1 Be6 28. Be5
Bxe5 29. fxe5 Ra4 30. Qc3 Re7 31. Bf1 Kg7 32. Rd8 Kh6 33. R8d2 Bxa2 34. Ra1 Qb3
0-1

[Event "SR 2. liga A 2016/2017"]
[Site "?"]
[Date "2018.02.04"]
[Round "7.6"]
[White "Koloditsova, Renata"]
[Black "Mydlarik, Martin"]
[Result "1-0"]
[WhiteElo "2006"]
[BlackElo "2122"]
[PlyCount "89"]
[EventDate "2017.??.??"]
[WhiteTeam "SK Senec"]
[BlackTeam "SK Modra B"]

1. e4 e6 2. d4 d5 3. Nd2 c5 4. exd5 Qxd5 5. Ngf3 cxd4 6. Bc4 Qd6 7. O-O Nf6 8.
Nb3 Nc6 9. Nbxd4 Nxd4 10. Nxd4 Qc7 11. Qe2 a6 12. Re1 Bd6 13. h3 O-O 14. Bg5
Nd5 15. Bxd5 exd5 16. Be7 Bxe7 17. Qxe7 Qb6 18. Rad1 Qxb2 19. Re3 Qb6 20. c3
Qd8 21. Qe5 a5 22. Nb5 f6 23. Qf4 Ra6 24. c4 Re6 25. cxd5 Rxe3 26. Qxe3 Re8 27.
Qd3 Qb6 28. d6 Bd7 29. Nc7 Re5 30. Qc4+ Kf8 31. Qd3 Kg8 32. Qc4+ Kf8 33. Qd3
Kg8 {3-fold repetition} 34. Rb1 Qc6 35. Qb3+ Kf8 36. Qd3 Bf5 37. Qa3 Bd7 38.
Rc1 Qe4 39. Qb2 Rg5 40. f3 Qxf3 41. Kh1 Qe4 42. Qc2 Qe5 43. Qd2 Bxh3 44. gxh3
Qg3 45. Ne6+ 1-0

[Event "SR 2. liga A 2016/2017"]
[Site "?"]
[Date "2018.02.04"]
[Round "7.6"]
[White "Michal, Silvio"]
[Black "Gruca, Miroslav"]
[Result "1/2-1/2"]
[WhiteElo "2102"]
[BlackElo "2171"]
[PlyCount "62"]
[EventDate "2017.??.??"]
[WhiteTeam "SK Modra B"]
[BlackTeam "SK Senec"]

1. c4 e5 2. Nc3 Nf6 3. Nf3 Nc6 4. g3 Bc5 5. Bg2 d6 6. O-O a6 7. a3 O-O 8. b4
Ba7 9. b5 axb5 10. cxb5 Nd4 11. e3 Nxf3+ 12. Qxf3 Rb8 13. h3 Be6 14. a4 Qd7 15.
Kh2 Rfc8 16. Ba3 Bb6 17. Rfc1 Ba5 18. d4 Bxc3 19. Rxc3 exd4 20. exd4 Bd5 21.
Qd3 Bxg2 22. Kxg2 Ra8 23. Bc1 c6 24. Bg5 Nd5 25. bxc6 Rxc6 26. Rb3 Rca6 27. Rb5
Ra5 28. Rc1 Rxb5 29. axb5 h6 30. Bd2 Re8 31. Ra1 Qe6 1/2-1/2

[Event "SR 2. liga A 2016/2017"]
[Site "?"]
[Date "2018.02.04"]
[Round "7.6"]
[White "Slacky, Stanislav"]
[Black "Bochnicka, Vladimir"]
[Result "1/2-1/2"]
[WhiteElo "2150"]
[BlackElo "2095"]
[PlyCount "79"]
[EventDate "2017.??.??"]
[WhiteTeam "SK Senec"]
[BlackTeam "SK Modra B"]

1. d4 d5 2. c4 e6 3. Nf3 Nf6 4. g3 Be7 5. Bg2 O-O 6. O-O dxc4 7. Ne5 Nc6 8.
Bxc6 bxc6 9. Nxc6 Qe8 10. Nxe7+ Qxe7 11. Qa4 e5 12. dxe5 Qxe5 13. Qxc4 Be6 14.
Qd3 Rad8 15. Qe3 Qh5 16. f3 Rfe8 17. Qf2 Nd5 18. Bd2 Rb8 19. e4 Nb4 20. Bxb4
Rxb4 21. b3 Qe5 22. Na3 a5 23. Nc2 Rb6 24. Qd4 Qg5 25. Rad1 Bh3 26. Rfe1 h5 27.
Qe3 Qf6 28. Rd2 Rd6 29. Rxd6 Qxd6 30. Nd4 Rd8 31. Ne2 Bc8 32. Nc3 Be6 33. Rd1
Qe7 34. Rxd8+ Qxd8 35. Kf2 h4 36. Ne2 hxg3+ 37. hxg3 Qd1 38. Qd4 Qc2 39. Qa4
Qd2 40. Qd4 1/2-1/2

[Event "SR 2. liga A 2016/2017"]
[Site "?"]
[Date "2018.02.04"]
[Round "7.6"]
[White "Bochnicka, Vladimir ml"]
[Black "Lesny, Stefan"]
[Result "1/2-1/2"]
[WhiteElo "1967"]
[BlackElo "2041"]
[PlyCount "58"]
[EventDate "2017.??.??"]
[WhiteTeam "SK Modra B"]
[BlackTeam "SK Senec"]

1. e4 e5 2. Nf3 Nf6 3. Nxe5 Qe7 4. d4 d6 5. Nf3 Nxe4 6. Be3 c6 7. Nbd2 h6 8.
Nxe4 Qxe4 9. Bd3 Qg4 10. O-O Be7 11. Re1 Be6 12. Qe2 O-O 13. Rad1 Bf6 14. c4 d5
15. b3 Nd7 16. Bb1 Rfe8 17. Qf1 Bf5 18. h3 Qg6 19. cxd5 cxd5 20. Qb5 Nb6 21. a4
Re6 22. Bxf5 Qxf5 23. Rc1 a6 24. Qe2 Rae8 25. Rc7 R6e7 26. Rec1 Rxc7 27. Rxc7
Re7 28. Rxe7 Bxe7 29. Qe1 Bd6 1/2-1/2

[Event "SR 2. liga A 2016/2017"]
[Site "?"]
[Date "2018.02.04"]
[Round "7.6"]
[White "Pusec, Pavel"]
[Black "Sobek, Michal"]
[Result "0-1"]
[WhiteElo "1971"]
[BlackElo "1941"]
[PlyCount "122"]
[EventDate "2017.??.??"]
[WhiteTeam "SK Senec"]
[BlackTeam "SK Modra B"]

1. d4 Nf6 2. Nf3 g6 3. c4 c5 4. d5 b5 5. cxb5 a6 6. e3 Bg7 7. bxa6 O-O 8. Nc3
d6 9. h3 Bxa6 10. Bxa6 Nxa6 11. O-O Qa5 12. Bd2 Rfb8 13. Rb1 Nc7 14. e4 Nd7 15.
a3 Qa6 16. Qc2 Nb5 17. Nxb5 Qxb5 18. Bc3 Ra4 19. Bxg7 Kxg7 20. Rfc1 Kg8 21. Qc3
Nf6 22. Nd2 Nxe4 23. Nxe4 Rxe4 24. Re1 Rxe1+ 25. Qxe1 Rb7 26. Qe4 Qb3 27. g3
Kg7 28. Kg2 f5 29. Qf3 Qc2 30. Qd1 Qxd1 31. Rxd1 Rxb2 32. Ra1 Rb5 33. a4 Ra5
34. f4 Kf6 35. Kf2 e6 36. dxe6 Kxe6 37. Ke3 d5 38. Kd3 Kd6 39. Ra3 Kc6 40. Ra2
Ra7 41. Kc3 d4+ 42. Kc4 Rb7 43. a5 Rb4+ 44. Kd3 Rb3+ 45. Kc2 Rb7 46. a6 Ra7 47.
Kd3 Kb6 48. Rb2+ Kxa6 49. Kc4 Rb7 50. Re2 d3 51. Ra2+ Kb6 52. Kxd3 Kc6 53. Kc3
Re7 54. Kd3 Kd5 55. Ra5 Rb7 56. Kc3 Ke4 57. Kc4 Rd7 58. Ra3 Rd4+ 59. Kxc5 Rd3
60. Rxd3 Kxd3 61. Kd5 Ke3 0-1

[Event "SR 2. liga A 2016/2017"]
[Site "?"]
[Date "2018.02.24"]
[Round "8.1"]
[White "Schwarz, Dusan"]
[Black "Plat, Vojtech"]
[Result "0-1"]
[WhiteElo "2290"]
[BlackElo "2560"]
[PlyCount "102"]
[EventDate "2017.??.??"]
[WhiteTeam "SK Doprastav Bratislava A"]
[BlackTeam "SK Modra B"]

1. d4 Nf6 2. Bg5 c5 3. d5 Ne4 4. Bf4 Qb6 5. Nd2 Qxb2 6. Nxe4 Qb4+ 7. Qd2 Qxe4
8. Nf3 Na6 9. e3 Nb4 10. c4 e5 11. dxe6 Qxe6 12. a3 Nc6 13. Bd3 h6 14. O-O Be7
15. Qc2 d6 16. Be4 O-O 17. Rab1 Kh8 18. Bd5 Qf6 19. Bg3 Bf5 20. e4 Bc8 21. Bh4
g5 22. Bg3 Qg6 23. Rfe1 h5 24. h4 gxh4 25. Nxh4 Bxh4 26. Bxh4 Nd4 27. Qc3 Be6
28. Bxe6 fxe6 29. Qg3 Qf7 30. Qxd6 b6 31. Re3 Rg8 32. Qe5+ Kh7 33. Rh3 Nf3+ 34.
Rxf3 Qxf3 35. Qc7+ Kh6 36. Bg3 Qxe4 37. Bf4+ Kg6 38. Rb3 h4 39. Re3 Qb1+ 40.
Kh2 Qf5 41. g3 Raf8 42. Kg2 hxg3 43. fxg3 Qc2+ 44. Kg1 Qc1+ 45. Kg2 Qxc4 46.
Re5 Rf5 47. Rxf5 Qe4+ 48. Kg1 Qb1+ 49. Kg2 Qxf5 50. Qxa7 Qd5+ 51. Kf2 Rh8 0-1

[Event "SR 2. liga A 2016/2017"]
[Site "?"]
[Date "2018.02.24"]
[Round "8.1"]
[White "Federic, Jozef"]
[Black "Sahidi, Samir"]
[Result "0-1"]
[WhiteElo "2223"]
[BlackElo "2259"]
[PlyCount "86"]
[EventDate "2017.??.??"]
[WhiteTeam "SK Modra B"]
[BlackTeam "SK Doprastav Bratislava A"]

1. d4 Nf6 2. Nf3 b6 3. g3 Bb7 4. Bg2 e6 5. O-O Be7 6. b3 O-O 7. Bb2 a5 8. a4 c5
9. Na3 Be4 10. Nb5 Nc6 11. Ne5 Bxg2 12. Kxg2 Qc8 13. Nc4 Nxd4 14. Nxd4 cxd4 15.
Bxd4 Bc5 16. Bxc5 bxc5 17. f3 Ra6 18. Qd3 d5 19. Na3 e5 20. e3 h5 21. Qe2 h4
22. Rad1 e4 23. f4 Rd8 24. Nb5 hxg3 25. hxg3 Ng4 26. c4 Rh6 27. Rh1 Rxh1 28.
Kxh1 Qf5 29. Rxd5 Rxd5 30. cxd5 Nf6 31. Kg2 Qxd5 32. Qc2 Ng4 33. Qe2 f5 34. Nc3
Qxb3 35. Qd2 Qc2 36. Qxc2 Nxe3+ 37. Kf2 Nxc2 38. Nd5 Kf7 39. Nb6 Na3 40. Ke2
Ke6 41. Kd2 c4 42. Nc8 Nb1+ 43. Kc2 e3 0-1

[Event "SR 2. liga A 2016/2017"]
[Site "?"]
[Date "2018.02.24"]
[Round "8.1"]
[White "Cech, Dominik"]
[Black "Federic, Pavol"]
[Result "1-0"]
[WhiteElo "2169"]
[BlackElo "2141"]
[PlyCount "67"]
[EventDate "2017.??.??"]
[WhiteTeam "SK Doprastav Bratislava A"]
[BlackTeam "SK Modra B"]

1. e4 e5 2. Nf3 Nc6 3. Bb5 a6 4. Ba4 Nf6 5. O-O Nxe4 6. d4 b5 7. Bb3 d5 8. dxe5
Be6 9. Nbd2 Nc5 10. c3 Be7 11. Bc2 O-O 12. Nb3 Nxb3 13. axb3 Qd7 14. Re1 Rfd8
15. Ng5 Bf5 16. Nxf7 Rdc8 17. Bxf5 Qxf5 18. Nh6+ gxh6 19. Qxd5+ Kh8 20. Qxc6
Rg8 21. g3 h5 22. Qxc7 Raf8 23. Be3 Bg5 24. Bd4 h4 25. Qc5 Qf3 26. e6+ Bf6 27.
Bxf6+ Rxf6 28. Qe3 Qf5 29. e7 Re8 30. Rad1 Kg7 31. Rd8 Kf7 32. Rxe8 Kxe8 33.
Qd4 Re6 34. Qd8+ 1-0

[Event "SR 2. liga A 2016/2017"]
[Site "?"]
[Date "2018.02.24"]
[Round "8.1"]
[White "Mydlarik, Martin"]
[Black "Polacik, Igor"]
[Result "1-0"]
[WhiteElo "2122"]
[BlackElo "2183"]
[PlyCount "165"]
[EventDate "2017.??.??"]
[WhiteTeam "SK Modra B"]
[BlackTeam "SK Doprastav Bratislava A"]

1. c4 c5 2. Nc3 Nc6 3. g3 g6 4. Bg2 Bg7 5. Nf3 e6 6. O-O Nge7 7. d3 d6 8. e4
O-O 9. Be3 Nd4 10. Qd2 Nec6 11. Ne2 Nxf3+ 12. Bxf3 Qf6 13. Bg2 Qxb2 14. Rad1
Qxd2 15. Rxd2 e5 16. Nc3 Be6 17. Nb5 Rad8 18. Nc7 Bc8 19. Nd5 Be6 20. Nc7 Rd7
21. Nxe6 fxe6 22. Bh3 Re7 23. f3 h6 24. Rdf2 Kh7 25. Kg2 Kh8 26. a3 Rff7 27.
Bg4 Kh7 28. Bh3 Kg8 29. Re2 Re8 30. Bg4 Kh7 31. h4 h5 32. Bh3 Bh6 33. Bg1 Kg7
34. Rc2 Kf8 35. Rb2 b6 36. Re2 Ke7 37. Kh2 Ref8 38. Bg2 Kd7 39. Rb2 Kc7 40. Kh3
Rd8 41. Bh2 Rdf8 42. Bg1 Rd8 43. Bh2 Rh8 44. f4 Rhf8 45. Rbf2 Nd4 46. Bh1 exf4
47. gxf4 e5 48. f5 gxf5 49. exf5 Rxf5 50. Rxf5 Rxf5 51. Rg1 Rf6 52. Be4 Ne6 53.
Rg8 Nf8 54. Kg2 b5 55. cxb5 Kb6 56. a4 Ka5 57. Bc6 Rg6+ 58. Rxg6 Nxg6 59. Bg3
Bf4 60. Be1+ Kb6 61. a5+ Kc7 62. Be8 Ne7 63. Bxh5 Nf5 64. Be8 Kd8 65. Bf7 Kc7
66. h5 Nd4 67. Bc4 Nf5 68. Kf3 d5 69. Bxd5 Nd4+ 70. Kg4 Nxb5 71. Bg3 Kd6 72.
Bc4 Bxg3 73. Kxg3 Nd4 74. Kg4 Ke7 75. Kg5 Nf3+ 76. Kf5 Nd4+ 77. Kxe5 Nc6+ 78.
Kf5 Nxa5 79. Bd5 Nc6 80. Bxc6 Kf7 81. Ke5 Kg7 82. Kd5 Kh6 83. Be8 1-0

[Event "SR 2. liga A 2016/2017"]
[Site "?"]
[Date "2018.02.24"]
[Round "8.1"]
[White "Petrik, Stanislav"]
[Black "Bochnicka, Vladimir ml"]
[Result "1-0"]
[WhiteElo "2124"]
[BlackElo "1967"]
[PlyCount "59"]
[EventDate "2017.??.??"]
[WhiteTeam "SK Doprastav Bratislava A"]
[BlackTeam "SK Modra B"]

1. e4 c5 2. Nf3 Nc6 3. Bb5 e6 4. O-O Nge7 5. Re1 a6 6. Bf1 g6 7. Nc3 Bg7 8. d3
d5 9. exd5 exd5 10. h3 O-O 11. Bf4 Re8 12. Qd2 b5 13. Bh6 Bh8 14. a3 Bb7 15.
Re2 Qd7 16. Rae1 Nd4 17. Nxd4 Bxd4 18. Bg5 Nf5 19. g4 Ng3 20. Re7 Nxf1 21. Qf4
f5 22. Kxf1 Qc6 23. gxf5 Rf8 24. f6 Bc8 25. Qh4 h5 26. Rg7+ Kh8 27. Rxg6 Rf7
28. Qxh5+ Rh7 29. Rg8+ Kxg8 30. Re8+ 1-0

[Event "SR 2. liga A 2016/2017"]
[Site "?"]
[Date "2018.02.24"]
[Round "8.1"]
[White "Sobek, Michal"]
[Black "Orosi, Peter"]
[Result "1/2-1/2"]
[WhiteElo "1949"]
[BlackElo "2070"]
[PlyCount "92"]
[EventDate "2017.??.??"]
[WhiteTeam "SK Modra B"]
[BlackTeam "SK Doprastav Bratislava A"]

1. e4 c5 2. Nc3 g6 3. Nf3 Bg7 4. d4 cxd4 5. Nxd4 Nc6 6. Nxc6 bxc6 7. Bc4 d6 8.
O-O Nf6 9. Re1 O-O 10. Bb3 Rb8 11. Bg5 h6 12. Bf4 e5 13. Be3 Qe7 14. h3 Ba6 15.
Qd2 Kh7 16. Rad1 Rfd8 17. f4 Nh5 18. fxe5 Bxe5 19. Bxh6 Qh4 20. Qg5 Bg3 21. Rf1
Bxf1 22. Rxf1 f6 23. Qxh4 Bxh4 24. Be3 Ng3 25. Rf3 Nh5 26. Bxa7 Rb7 27. Bf2
Bxf2+ 28. Kxf2 Rf8 29. Ne2 d5 30. exd5 cxd5 31. Rd3 Rd8 32. c4 f5 33. cxd5 Nf6
34. Nc3 Kg7 35. Re3 Rd6 36. Ke2 Kf8 37. Kd3 Rb4 38. Re5 Nd7 39. Re2 Nc5+ 40.
Ke3 Nxb3 41. axb3 Rdb6 42. Kd2 Rxb3 43. Kc1 Kf7 44. Rf2 Kf6 45. Ne4+ Ke5 46.
Nc3 Rd6 1/2-1/2